Bergdorf blondes (Record no. 114077)

MARC details
000 -LEADER
fixed length control field 00643nam a2200229Ia 4500
008 - FIXED-LENGTH DATA ELEMENTS--GENERAL INFORMATION
fixed length control field 191130s2004##################000#0#eng##
020 ## - INTERNATIONAL STANDARD BOOK NUMBER
ISBN 9780141013947
082 ## - DEWEY DECIMAL CLASSIFICATION NUMBER
Classification number 813.6 SYK
100 ## - MAIN ENTRY--AUTHOR NAME
Personal name Sykes, Plum
245 ## - TITLE STATEMENT
Title Bergdorf blondes
Statement of responsibility, etc Plum Sykes
260 ## - PUBLICATION, DISTRIBUTION, ETC. (IMPRINT)
Place of publication London
Name of publisher Penguin
Year of publication 2004
300 ## - PHYSICAL DESCRIPTION
Number of Pages 309 p. ; 22 cm.
650 ## - SUBJECT ADDED ENTRY--TOPICAL TERM
Topical Term British - New York (State) - New York - Fiction
Topical Term English Fiction
Topical Term Manhattan (New York, N.Y.) - Fiction
Topical Term Young women - Fiction
991 ## -
-- 350288
Holdings
Withdrawn status Lost status Damaged status Not for loan Home library Current library Date acquired Full call number Accession Number Price effective from Koha item type
        Anna Centenary Library Anna Centenary Library 12.10.2020 813.6 SYK 416393 12.10.2020 English Books

Find us on the map